| 000 | 00597nam a2200217Ia 4500 | ||
|---|---|---|---|
| 005 | 20250923145407.0 | ||
| 008 | 008 250917s9999 xx 000 0 eng d | ||
| 037 | _aTextual | ||
| 040 |
_aDSWL _beng _cDSWL |
||
| 041 |
_aeng _2eng |
||
| 084 |
_aW:2'N6, N64 _qDSWL |
||
| 100 |
_aVarma, V.P. _9834830 |
||
| 245 | 0 |
_aModern Indian political thought _c by V.P. Varma |
|
| 250 | _a2nd | ||
| 260 |
_aDelhi _bLaxmi Naraian Agarwal _c1964 |
||
| 300 | _axvii,701 p. | ||
| 365 |
_aINR _b22 . 50 |
||
| 925 | _g22 . 50 | ||
| 942 |
_cTEXL _hW:2'N6, N64 |
||
| 999 |
_c1450822 _d1450822 |
||